|
|
|
|
| LEADER |
02054nam a2200565 4500 |
| 001 |
ocn910513132 |
| 003 |
OCoLC |
| 005 |
20170124071850.2 |
| 006 |
m o d |
| 007 |
cr cnu|||unuuu |
| 008 |
150601s2015 gw o 001 0 ger d |
| 040 |
|
|
|a N$T
|b eng
|e rda
|e pn
|c N$T
|d N$T
|d IDEBK
|d DG1
|d E7B
|d OCLCF
|d COO
|d YDXCP
|d DG1
|d GrThAP
|
| 020 |
|
|
|a 9783433605158
|q electronic bk.
|
| 020 |
|
|
|a 3433605157
|q electronic bk.
|
| 020 |
|
|
|a 9783433605110
|q electronic bk.
|
| 020 |
|
|
|a 3433605114
|q electronic bk.
|
| 020 |
|
|
|z 9783433031056
|
| 020 |
|
|
|a 3433031053
|
| 020 |
|
|
|a 9783433031056
|
| 020 |
|
|
|a 9783433605165 (ePub)
|
| 020 |
|
|
|a 3433605165 (ePub)
|
| 020 |
|
|
|a 9783433605141 (eMobi)
|
| 020 |
|
|
|a 3433605149 (eMobi)
|
| 029 |
1 |
|
|a GBVCP
|b 829924353
|
| 029 |
1 |
|
|a DEBBG
|b BV042991781
|
| 035 |
|
|
|a (OCoLC)910513132
|
| 050 |
|
4 |
|a TH6021
|
| 072 |
|
7 |
|a HOM
|x 014000
|2 bisacsh
|
| 082 |
0 |
4 |
|a 696
|2 23
|
| 049 |
|
|
|a MAIN
|
| 245 |
0 |
0 |
|a Bauphysik Kalender 2015 :
|b Simulations- und Berechnungsverfahren /
|c Herausgegeben von Nabil A Fouad.
|
| 246 |
3 |
|
|a 2015 Bauphysik Kalender
|
| 250 |
|
|
|a 15. Jahrgang.
|
| 264 |
|
1 |
|a Berlin :
|b Ernst & Sohn,
|c [2015]
|
| 300 |
|
|
|a 1 online resource
|
| 336 |
|
|
|a text
|b txt
|2 rdacontent
|
| 337 |
|
|
|a computer
|b c
|2 rdamedia
|
| 338 |
|
|
|a online resource
|b cr
|2 rdacarrier
|
| 500 |
|
|
|a Includes index.
|
| 588 |
0 |
|
|a Vendor-supplied metadata.
|
| 504 |
|
|
|a Includes bibliographical references and index at the end of each chapters.
|
| 650 |
|
0 |
|a Buildings
|x Environmental engineering.
|
| 650 |
|
7 |
|a HOUSE & HOME / Do-It-Yourself / Plumbing
|2 bisacsh
|
| 650 |
|
7 |
|a Buildings
|x Environmental engineering.
|2 fast
|0 (OCoLC)fst00841055
|
| 655 |
|
4 |
|a Electronic books.
|
| 655 |
|
0 |
|a Electronic books.
|
| 700 |
1 |
|
|a Fouad, Nabil A.,
|e editor.
|
| 776 |
0 |
8 |
|i Print version:
|t Bauphysik-kalender 2015 : simulations- und berechnungsverfahren.
|d Berlin, Germany : Ernst & Sohn, c2015
|h vi, 671 pages
|z 9783433031056
|
| 856 |
4 |
0 |
|u https://doi.org/10.1002/9783433605158
|z Full Text via HEAL-Link
|
| 994 |
|
|
|a 92
|b DG1
|